Tres novelas sin ejemplos ; A los pies del vagabundo ; El pecado de un místico ; Las alas cortadas / (Record no. 25322)
[ view plain ]
| 000 -LEADER | |
|---|---|
| campo de control de longitud fija | 00590nam a2200181 i 4500 |
| 001 - NÚMERO DE CONTROL | |
| campo de control | 25322 |
| 003 - IDENTIFICADOR DE NÚMERO DE CONTROL | |
| campo de control | ES-MaACL |
| 007 - CAMPO FIJO DE DESCRIPCIÓN FÍSICA--INFORMACIÓN GENERAL | |
| campo de control de longitud fija | t| |
| 008 - DATOS DE LONGITUD FIJA--INFORMACIÓN GENERAL | |
| campo de control de longitud fija | 021224s1926 sp ||||1| spa d |
| 100 1# - ENTRADA PRINCIPAL--NOMBRE DE PERSONA | |
| Nombre de persona | Armada Quiroga, Ramón. |
| 9 (RLIN) | 22904 |
| 245 10 - MENCIÓN DEL TÍTULO | |
| Título | Tres novelas sin ejemplos ; A los pies del vagabundo ; El pecado de un místico ; Las alas cortadas / |
| Mención de responsabilidad, etc. | por Ramón Armada Quiroga. |
| 260 ## - PUBLICACIÓN, DISTRIBUCIÓN, ETC. | |
| Lugar de publicación, distribución, etc. | Madrid : |
| Nombre del editor, distribuidor, etc. | Julio Cosano, |
| Fecha de publicación, distribución, etc. | 1926. |
| 300 ## - DESCRIPCIÓN FÍSICA | |
| Extensión | 96 p. ; |
| Dimensiones | 19 cm. |
| 740 0# - ENTRADA AGREGADA--TÍTULO RELACIONADO/ANALÍTICO NO CONTROLADO | |
| Título relacionado o analítico no controlado | A los pies del vagabundo. |
| 740 3# - ENTRADA AGREGADA--TÍTULO RELACIONADO/ANALÍTICO NO CONTROLADO | |
| Título relacionado o analítico no controlado | El pecado de un místico. |
| 740 4# - ENTRADA AGREGADA--TÍTULO RELACIONADO/ANALÍTICO NO CONTROLADO | |
| Título relacionado o analítico no controlado | Las alas cortadas. |
| 852 ## - LOCALIZACIÓN | |
| Ubicación | ES-MaACL |
| Número de control de estantería | B-9666 |
| Estatus retirado | Estado de pérdida | Estado de daño | No para préstamo | Biblioteca de origen | Biblioteca actual | Ubicación en estantería | Fecha de adquisición | Fuente de adquisición | Total de préstamos | Signatura topográfica completa | Código de barras | Visto por última vez | Precio de reemplazo | Tipo de ítem Koha |
|---|---|---|---|---|---|---|---|---|---|---|---|---|---|---|
| Biblioteca del Ateneo de Madrid | Biblioteca del Ateneo de Madrid | Sala Pardo Bazán | 17/01/2008 | B-9666 | 1026106 | 23/02/2023 | 23/02/2023 | Libro impreso |
